|
|
|
|
| LEADER |
00000cam a2200000 7i4500 |
| 001 |
0000001963 |
| 005 |
20020716.0 |
| 090 |
0 |
0 |
|a R THE 361.763
|b SHE 2002
|
| 100 |
0 |
0 |
|a SHEIKH Abu Bakar Ahmad
|
| 245 |
1 |
2 |
|a A study on why individuals join an environmental non-governmental organization
|c by Sheikh Abu Bakar Ahmad
|
| 260 |
0 |
0 |
|a Serdang, Selangor :
|b Universiti Putra Malaysia ,
|c 2002
|
| 300 |
|
|
|a xiv, 64 p. :
|b ill. ;
|c 30 cm.
|
| 500 |
0 |
0 |
|a Bibliography : p. 58-59
|
| 500 |
0 |
0 |
|a Thesis: Bac. of Forestry Science (UPM, 2002)
|
| 650 |
0 |
0 |
|a Non-governmental organizations
|
| 998 |
|
|
|a JPSM
|
| 999 |
|
|
|a 0000003281
|b Monograph
|c Thesis
|e Default branch
|